| 000 | 01606nam a2200433 c 4500 | ||
|---|---|---|---|
| 001 | 23874 | ||
| 003 | ES-MaCES | ||
| 005 | 20141221122855.0 | ||
| 008 | 110630s2011 sp d t o000 | spa d | ||
| 017 |
_aM 24743-2011 _bDL |
||
| 020 | _a9788481883251 | ||
| 035 | _aCES20110005364m | ||
| 040 |
_aES-MaCES _bspa _cES-MaCES |
||
| 245 | 0 | 0 |
_aColocación y servicios de empleo _cFrancisco Javier Calvo Gallego, Miguel Rodríguez-Piñero Royo, dirs. de la investigación ; [autores], Francisco Javier Calvo Gallego ... [et al.] |
| 250 | _a1ª ed | ||
| 260 |
_aMadrid _bConsejo Económico y Social _c2011 |
||
| 300 |
_a510 p. _bgráf. bl. y n. _c24 cm |
||
| 490 | 1 |
_aColección Estudios _v228 |
|
| 500 | _aPremio de Investigación del Consejo Económico y Social, 2007 | ||
| 541 | _cGratuito | ||
| 650 | 4 |
_acolocación _929189 |
|
| 650 | 4 |
_aservicio de empleo _928311 |
|
| 650 | 4 |
_acrisis económica _927102 |
|
| 650 | 4 |
_amercado de trabajo _928292 |
|
| 650 | 4 |
_areforma legislativa _929892 |
|
| 650 | 4 |
_a2010 _931233 |
|
| 650 | 4 |
_aevaluación del impacto _930732 |
|
| 650 | 4 |
_aEspaña _926964 |
|
| 650 | 4 |
_aComunidades Autónomas _930768 |
|
| 653 | 1 | 0 | _aEmpleo |
| 700 | 1 |
_aCalvo Gallego, Francisco Javier _98760 |
|
| 700 | 1 |
_aCalvo Gallego, Francisco Javier _edir. _98760 |
|
| 700 | 1 |
_aRodríguez-Piñero Royo, Miguel C. _edir. _922411 |
|
| 710 | 2 |
_aConsejo Económico y Social (España) _eed. _92408 |
|
| 830 | 0 |
_aColección Estudios (Consejo Económico y Social (España)) _v228 _932341 |
|
| 902 | _aLIB Libro | ||
| 942 |
_2CES _cBK _h2.1. |
||
| 999 |
_c23874 _d23874 |
||